Responses for show #7802 - Tuesday, July 10, 2018

Contestants

Doug Dworkin, a business and technology consultant from New York, New York

Becky Wilson, an operations engineer from Aurora, Colorado

Wes Hazard, a standup comic and storyteller from Stoughton, Massachusetts (whose 1-day cash winnings total $14,400)

Jeopardy! Round responses

GOOD GROOMING
OPERA HEROINES
TIME RHYME
KING OF THE CASTLE
EXTREME SPORTS?
THE FBI's 10 MOST WANTED LIST
    $200 2
tweezers

Becky
    $200 6
Gretel

Wes
    $200 16
a chic week

Wes
    $200 21
Louis XIV

Wes
    $200 26
spitting

Doug
    $200 1
(Edgar) Hoover

Becky
    $400 3
cuticles

Becky
    $400 7
Carmen

Wes
    $400 17
a future suture

Triple Stumper
    $400 22
Hirohito

Becky
    $400 27
the Dallas Cowboys

Wes
    $400 11
Angela Davis

Wes
    $600 4
toothpaste

Doug
    $600 8
Madame Butterfly

Doug
    $600 18
a age sage

Becky
    $600 23
(Doug: What is King of Spain?)
(Alex: Need a name.)
[Doug pauses as the lights on his podium go out.]
(Alex: No, sorry.)
(Doug: [*].)
(Alex: No, you didn't get it in in time, sorry.)
(Doug: Oh.)
(Alex: But you are correct. Becky, back to you.)

Juan Carlos

Doug
Triple Stumper
    $600 28
Shaquille O'Neal

Wes
    $600 12
a Get Out of Jail card

Becky
    $800 5
(Wes: What are braids?)
(Becky: What are dreadlocks?)

cornrows

WesBeckyDoug
    $800 9
Mimi

Becky
    $800 19
reckoned a second

Triple Stumper
    $800 24
(Doug: Who is George III?)
...
(Alex: Less than a minute now.)

(Mad King) Ludwig (of Bavaria)

BeckyDoug
    $800 29
[The end-of-round signal sounds.]

diving

Triple Stumper
    $800 13
(Gianni) Versace

Becky
    $1000 15
(Becky: What is lotion?)
(Doug: What is moisturizer?)

emollient

BeckyDoug
Triple Stumper
    $1000 10
a regiment

Wes
    $1000 20
beer of the year

Triple Stumper
    $1000 25
George VI

Wes
    $1,000 14
(Alex: The assassination of Martin Luther King Jr.)

James Earl Ray

Becky

Scores at the first commercial break (after clue 15):

Wes Becky Doug
$1,200 $2,200 $1,000

Scores at the end of the Jeopardy! Round:

Wes Becky Doug
$3,600 $4,000 -$200

Double Jeopardy! Round responses

LITERARY TYPES
POP SONG OVERLAPS
ENDANGERED ANIMALS
YESTERCAREER
FROM Z TO A
NAT GEO
    $400 2
the rose

Becky
    $400 7
cruel

Becky
    $400 1
the blue whale

Wes
    $400 12
grapes

Becky
    $400 24
a zebra

Becky
    $400 19
"Route 66"

Doug
    $800 3
"Rime of the Ancient Mariner"

Becky
    $800 8
tonight

Doug
    $2,000 9
a unicorn

Doug
    $800 15
the hull

Wes
    $800 25
zeta

Becky
    $800 20
(Becky: Who is Patrick Henry?)

Nathan Hale

Becky
Triple Stumper
    $1200 4
pachinko

Becky
    $1200 11
nothing

Wes
    $1200 10
the Yangtze

Becky
    $1200 16
(Doug: [*]. ...What is [*]?)

thread

Doug
    $1200 26
Zumba

Becky
    $1200 21
Virginia

Wes
    $1600 5
(Philip) Roth

Becky
    $1600 13
love

Becky
    $1600 29
ferrets

Becky
    $1600 17
an alarm clock

Doug
    $1600 27
(Doug: What is zirconium?)

zirconia

BeckyDoug
    $1600 22
Savannah

Doug
    $2,000 6
Sinclair Lewis

Becky
    $2000 14
(Becky: What is riot?)

dream

WesBecky
    $2000 30
(Doug; What is Java?)

Sumatra

WesDoug
    $2000 18
a policeman

Triple Stumper
    $2000 28
Zambia

Becky
    $2000 23
Boston

Wes

Scores at the end of the Double Jeopardy! Round:

Wes Becky Doug
$13,200 $18,400 $3,800

[wagering suggestions for these scores]

Final Jeopardy! Round responses

AGRICULTURE
(Alex: [To Becky] Cerasus. Cerise.)
DougWhat are dates?
$3,800
WesWhat are figs
$805
BeckyWhat are dates?
$8,001
cherries

Final scores:

Wes Becky Doug
$12,395 $10,399 $0
2-day champion: $26,795 2nd place: $2,000 3rd place: $1,000

Game dynamics:

Coryat scores:

Wes Becky Doug
$13,200 $18,400 $2,600
16 R,
1 W
25 R
(including 2 DDs),
4 W
10 R
(including 1 DD),
5 W

Combined Coryat: $34,200

The J! Archive is created by fans, for fans. The Jeopardy! game show and all elements thereof, including but not limited to copyright and trademark thereto, are the property of Jeopardy Productions, Inc. and are protected under law. This website is not affiliated with, sponsored by, or operated by Jeopardy Productions, Inc. Join the discussion at JBoard.tv.